| 000 | 01101nam0a22003011 4500 | ||
|---|---|---|---|
| 001 | rc\4918464 | ||
| 005 | 20130426154956.4 | ||
| 021 |
_aRU _b[68-2489] |
||
| 035 | _a(NLR Aleph) 008939660 | ||
| 090 |
_a8937632 _c8937632 |
||
| 100 | _a20130426d1967 |||y0rusy50 ca | ||
| 101 | 0 | _arus | |
| 102 | _aRU | ||
| 105 | _aa b ||||| | ||
| 200 | 1 | _aАвтоматические индикаторы отказов | |
| 210 |
_aЛенинград _cЭнергия. Ленингр. отд-ние _d1967 |
||
| 215 |
_a88 с. _cчерт. _d20 |
||
| 225 | 1 |
_aБиблиотека по автоматике _vВып. 260 |
|
| 320 | _aБиблиогр.: с. 86-88 (41 назв.) | ||
| 606 |
_aАвтоматические системы управления _xОтказы _2psbo |
||
| 606 |
_aИндикаторы отказов _2psbo |
||
| 700 | 1 |
_aБессонов _bА. А. _gАлександр Андреевич |
|
| 701 | 1 |
_aСиваков _bВ. А. _gВладимир Алексеевич |
|
| 801 | 0 |
_aRU _bNLR _gpsbo |
|
| 801 | 1 |
_aRU _bELAR _2rusmarc |
|
| 852 |
_aNLR _j68-4/2313 |
||
| 942 | _cBOOK | ||
| 980 | _aNB | ||